|
|
|
|
| LEADER |
00000nam a2200000 a 4500 |
| 005 |
20120725132253.0 |
| 007 |
cr ||||||||||| |
| 008 |
120703s2011 sp |||| s|||||0|| 0 spa|c |
| 020 |
|
|
|a 9788415454847
|
| 035 |
|
|
|a 6337
|
| 040 |
|
|
|a vLex
|
| 080 |
|
|
|a 32:2
|
| 090 |
|
|
|c 3321
|d 3321
|
| 100 |
1 |
|
|a Rodrg̕uez Garca̕, Jos ̌Antonio,
|d 1968-
|
| 245 |
1 |
3 |
|a El Rǧimen jurd̕ico de la asistencia religiosa en los centros asistenciales
|h [Recurso electrn̤ico] /
|c Jos ̌Antonio Rodrg̕uez Garca̕
|
| 256 |
|
|
|a Servicio en ln̕ea
|
| 260 |
|
|
|a [Madrid] :
|b Dykinson,
|c 2011
|
| 300 |
|
|
|a 1 recurso electrn̤ico
|
| 504 |
|
|
|a Refern̈cies bibliogrf̉iques. Índex
|
| 506 |
1 |
|
|a Contenido solo disponible en los productos indicados
|d vLex Global
|d vLex Global (Academic Edition, excluding Law Schools)
|d vLex Global (U.S. Academic Edition, Law Schools)
|d vLex Global (U.S. Academic Edition, excluding Law Schools)
|d vLex Global (Academic Edition, Law Schools)
|
| 650 |
0 |
4 |
|a Servicios sociales
|x Aspectos religiosos
|
| 650 |
0 |
4 |
|a Servicios sociales
|z Espaą
|
| 650 |
0 |
4 |
|a Religin̤ y derecho
|
| 655 |
|
4 |
|a Llibres electrṇics
|
| 740 |
0 |
|
|a vLex Libros (Servicio en ln̕ea)
|
| 856 |
4 |
0 |
|z Acceso restringido
|u http://vlex.com/source/regimen-juridico-asistencia-religiosa-centros-asistenciales-6337
|
| 942 |
|
|
|c BOOK
|
| 999 |
0 |
|
|a Human services
|
| 999 |
0 |
|
|a Christianity and justice
|